000 00561cam a22002053a 4500
001 45842
003 PGUSA
005 20140828084051.0
008 140531s2014||||xxu|||||s|||||000 | eng d
040 _aPGUSA
_beng
042 _adc
100 1 _aTeresa, Ysabel de
245 1 4 _aThe Erratic Flame
_h[electronic resource] /
_cYsabel de Teresa
260 _bProject Gutenberg,
_c2014
506 _aPublic domain in the USA.
516 _aElectronic text
830 0 _aProject Gutenberg
_v45842
856 4 0 _uhttp://www.gutenberg.org/ebooks/45842
942 _cEB
999 _c275092
_d275092